Мужество не измеряется годами (Запись № 11634574)

Подробности
000 -МАРКЕР
контрольное поле 01895nam0a2200337 i 4500
001 - ИДЕНТИФИКАТОР ЗАПИСИ
контрольное поле RU\NLR\BIBL_A\011144081
005 - ИДЕНТИФИКАТОР ВЕРСИИ
контрольное поле 20260408102916.0
010 ## - МЕЖДУНАРОДНЫЙ СТАНДАРТНЫЙ НОМЕР КНИГИ (ISBN)
Номер (ISBN) 9785990653818
Тираж 500
021 ## - НОМЕР ГОСУДАРСТВЕННОЙ РЕГИСТРАЦИИ
Код страны Российская Федерация
Номер 2016-40508
Номер Листа государственной регистраци 2594
035 ## - ДРУГИЕ СИСТЕМНЫЕ НОМЕРА
Идентификатор записи (NILC)RuMoRGB-008488399
035 ## - ДРУГИЕ СИСТЕМНЫЕ НОМЕРА
Идентификатор записи (NLR Aleph) 011144081
100 ## - ДАННЫЕ ОБЩЕЙ ОБРАБОТКИ
Данные общей обработки 20160601d2016 u y0rusy50 ca
101 0# - ЯЗЫК РЕСУРСА
Язык текста, звукозаписи и т.д. русский
102 ## - СТРАНА ПУБЛИКАЦИИ ИЛИ ПРОИЗВОДСТВА
Страна публикации Российская Федерация
105 ## - ПОЛЕ КОДИРОВАННЫХ ДАННЫХ: ТЕКСТОВЫЕ МАТЕРИАЛЫ, МОНОГРАФИЧЕСКИЕ
Кодированные данные о монографическом текстовом документе |||z|||010
200 1# - ЗАГЛАВИЕ И СВЕДЕНИЯ ОБ ОТВЕТСТВЕННОСТИ
Основное заглавие Мужество не измеряется годами
Сведения, относящиеся к заглавию боевые и трудовые подвиги калужской молодёжи в годы Великой Отечественной войны 1941-1945 гг.
Первые сведения об ответственности Калужский гор. совет ветеранов (пенсионеров) войны и труда
Последующие сведения об ответственности [авт.-сост.: Н. В. Гущина]
210 ## - ПУБЛИКАЦИЯ, РАСПРОСТРАНЕНИЕ И ДР.
Место издания, распространения и т.д. Калуга
Имя издателя, распространителя и т. д. Тихонов Олег Евгеньевич
Дата издания, распространения и т.д. 2016
215 ## - ФИЗИЧЕСКАЯ ХАРАКТЕРИСТИКА
Специфическое обозначение материала и объем 487 с.
Другие сведения о физической характеристике ил., портр., факс., цв. портр.
Размеры 21
300 ## - ОБЩИЕ ПРИМЕЧАНИЯ
Текст примечания 75-летию освобождения г. Калуги от немецко-фашистских захватчиков посвящается
320 ## - ПРИМЕЧАНИЯ О НАЛИЧИИ В ДОКУМЕНТЕ БИБЛИОГРАФИИ / УКАЗАТЕЛЯ
Текст примечания Библиогр.: с. 452-484 (690 назв.)
606 1# - НАИМЕНОВАНИЕ ТЕМЫ КАК ПРЕДМЕТ
Наименование темы Великая Отечественная война
Формальный подзаголовок Воспоминания, записки и т.п
Географический подзаголовок Калужская область
Хронологический подзаголовок 1941 - 1945
Системный номер авторитетной/нормативной записи 1240962
Идентификатор авторитетной/нормативной записи RU\NLR\AUTH\66189584
675 ## - УНИВЕРСАЛЬНАЯ ДЕСЯТИЧНАЯ КЛАССИФИКАЦИЯ (UDC/УДК)
Индекс 355/359
686 1# - ИНДЕКСЫ ДРУГИХ КЛАССИФИКАЦИЙ
Индекс Ц35(2)722(2Р-4Калж),013
702 #1 - ИМЯ ЛИЦА - ВТОРИЧНАЯ ОТВЕТСТВЕННОСТЬ
Начальный элемент ввода Гущина
Часть имени, кроме начального элемента ввода Н. В.
Расширение инициалов личного имени Наталья Викторовна
Код отношения Составитель
712 02 - НАИМЕНОВАНИЕ ОРГАНИЗАЦИИ - ВТОРИЧНАЯ ОТВЕТСТВЕННОСТЬ
Код отношения Прочие
Начальный элемент ввода "Совет ветеранов (пенсионеров) войны и труда", калужская городская общественная организация
Системный номер авторитетной/нормативной записи 369956
Идентификатор авторитетной/нормативной записи RU\NLR\AUTH\8810242042
801 #0 - ИСТОЧНИК ЗАПИСИ
Страна Российская Федерация
Организация РГБ
Дата составления 20160517
Правила каталогизации RCR
942 ## - ДОПОЛНИТЕЛЬНЫЕ ЭЛЕМЕНТЫ ЗАПИСИ (АБИС)
Тип экземпляра АБИС Книга
980 ## - КОЛЛЕКЦИЯ
Название коллекции НБР

Нет доступных экземпляров.